000 01324nam a2200337 a 4500
001 000114353
003 CHAP
005 20220329144437.0
008 180115s2017 mx a fsm |||||||spa d
010 _a110814
011 _a111786
040 _cCHAP
090 _aTesis
100 1 _aRodríguez Domínguez, Carlos Mijaíl
_9134327
245 1 0 _aPlaneación y validación del proceso de producción del soporte frontal de tractores agrícolas CNH /
_h[En línea]
_cpor Carlos Mijaíl Rodríguez Domínguez.
260 _aChapingo, Méx. :
_bEl autor,
_c2017.
500 _aPara ver el contenido del material haga clic en la liga
502 _aTesis (Ing. Mecánico Agrícola. ) -- UACH. Departamento de Ingeniería Mecánica Agrícola
590 _aE11695DGD
_b10
_c20180115
_lUCH01
_h1451
590 _aE8697GMM
_b05
_c20180115
_lUCH01
_h1327
590 _aE8697GMM
_b05
_c20180115
_lUCH01
_h1339
590 _aE8697GMM
_b05
_c20180115
_lUCH01
_h1429
650 1 4 _aMaquinaria agrícola
_xDiseño.
_971168
650 1 4 _aMaquinaria agrícola
_xNormas de calidad.
_9134335
650 1 4 _aTractores
_xInnovaciones tecnológicas.
_9134336
650 1 4 _aTractores
_xMedidas de seguridad.
_9114583
856 _aFinding aid
_uhttp://10.13.5.2/tesis/sist114353.pdf
_zTeclea aquí
901 _aBK
942 _cTESIS
942 _n0
999 _c110814
_d110814